| 000 | 005160000a22001570004500 | ||
|---|---|---|---|
| 003 | MACL | ||
| 005 | 20180225170322.0 | ||
| 008 | 180225b xxu||||| |||| 00| 0 eng d | ||
| 040 | _cmacl | ||
| 100 |
_a चन्दर, क्रश्न _970739 |
||
| 245 | _aस्वराज के पचास वर्ष बाद | ||
| 260 |
_b दक्ष्ा शिक्षा समिति _c2005 |
||
| 350 | _a160 | ||
| 650 |
_a- व्यंग्य, _970768 |
||
| 942 |
_cHIN _k891.437/CHA _2ddc |
||
| 999 |
_c12711 _d12711 |
||